A busca de Carlos Magno (Record no. 191428)

MARC details
000 -LÍDER
campo de controle de tamanho fixo 00375 a2200169 4500
001 - NÚMERO DE CONTROLE
campo de controle 191428
020 ## - ISBN - INTERNATIONAL STANDARD BOOK NUMBER
ISBN - International Standard Book Number 978-85-01-08753-9
040 ## - FONTE DA CATALOGAÇÃO
Instituição que transcreveu o registro Magnum
100 ## - ENTRADA PRINCIPAL--NOME PESSOAL
Nome pessoal Berry, Steve
240 10 - TÍTULO UNIFORME
Título uniforme A busca de Carlos Magno
Idioma da obra por
245 10 - TÍTULO
Título A busca de Carlos Magno
300 ## - DESCRIÇÃO FÍSICA
Extensão 614
362 0# - DATAS DE PUBLICAÇÃO E/OU DESIGNAÇÃO SEQUENCIAL
Datas de publicação e/ou designação sequencial 2010
440 #1 - DECLARAÇÃO DE SÉRIE/ENTRADA ADICIONADA--TÍTULO
Título Record
697 ## - ENTRADA DE ASSUNTO LOCAL--ENTIDADE COLETIVA (RLIN)
Nome corporativo ou nome da jurisdição LITERATURA GERAL ESTRANGEIRA
942 ## - ELEMENTOS DE ENTRADA ADICIONADOS (KOHA)
Tipo de material Koha Livros
Holdings
Situação do descarte Situação das perdas Situação física Não pode ser emprestado Biblioteca de origem Biblioteca atual Data de aquisição Total de empréstimos Número de chamada completo Código de barras Data de último acesso Data do preço efetivo Tipo de material Koha
        Magnum Magnum 08/06/2024   890.2.444 MAG00068872 08/06/2024 08/06/2024 Livros